000 00322nam a2200133 i 4500
001 bg
100 1 _aSIEMION, Lucjan
245 0 _aSystem gospodarowania surowcami wtórnymi /
_cLucjan Siemion.
260 _aWarszawa,
_c1974.
040 _cBPK
041 _apol
942 _cKS
008 s pl f |000 0 pol
999 _c9625
_d9625
856 _uhttp://koha.tu.koszalin.pl/cgi-bin/koha/opac-detail.pl?biblionumber=9625
_yKatalog online BPK